000
00273nam a22001217a 4500
008
170324b xxu||||| |||| 00| 0 eng d
041
_a
eng
080
_a
615.83
100
_a
8
101
_a
SHM
245
_a
PHYSICAL EUCATION AND ATHLETICS
_c
ZEIGLER, E.F
942
_2
udc
_c
BK
999
_c
8617
_d
8617